Théorie du montage : Energie des images (notice n° 2016242)
[ vue normale ]
| 000 -LEADER | |
|---|---|
| fixed length control field | 01161cam a2200133 4500500 |
| 005 - DATE AND TIME OF LATEST TRANSACTION | |
| control field | 20260329064621.0 |
| 041 ## - LANGUAGE CODE | |
| Language code of text/sound track or separate title | fre |
| 042 ## - AUTHENTICATION CODE | |
| Authentication code | dc |
| 100 10 - MAIN ENTRY--PERSONAL NAME | |
| Personal name | Faucon, Térésa |
| Relator term | author |
| 245 00 - TITLE STATEMENT | |
| Title | Théorie du montage : Energie des images |
| 260 ## - PUBLICATION, DISTRIBUTION, ETC. | |
| Name of publisher, distributor, etc. | Armand Colin,<br/> |
| Date of publication, distribution, etc. | 2017.<br/> |
| 520 ## - SUMMARY, ETC. | |
| Summary, etc. | Cet essai est consacré au montage au cinéma. Outre un rappel de la façon dont il est envisagé par différents cinéastes (De Palma, Antonioni, Eisenstein, Vertov, Epstein, Tarkovski, Renoir, Godard, Bresson, Van der Keuken...), l’ouvrage propose une analyse de ses objectifs et de son langage. La « théorie du montage » développée ici est construite comme une théorie scientifique, avec comme postulat de départ l’existence d’une énergie de l’image, portée par les plans d’un film et polarisée par le montage. Cette approche originale permet de saisir toute l’essence du montage, au-delà des considérations syntaxiques, narratives et plastiques. L’auteur illustre son propos de nombreux exemples issus de l’histoire du cinéma. |
| 856 41 - ELECTRONIC LOCATION AND ACCESS | |
| Uniform Resource Identifier | <a href="https://shs.cairn.info/theorie-du-montage--9782200618223?lang=fr&redirect-ssocas=7080">https://shs.cairn.info/theorie-du-montage--9782200618223?lang=fr&redirect-ssocas=7080</a> |
Pas d'exemplaire disponible.




Réseaux sociaux